00305nam a2200109Ia 4500008004100000041000800041082001600049100001800065245004500083260003700128300003000165240624s9999 xx 000 0 und d aeng a338.927 MOR aMORRIS JULIAN aSUSTAINABLE DEVELOPMENT PROMOTING PROGRE c2002aLondonbProfile Books Ltd. aix, : 370 : p. : cm. ; 25